| 000 | 00843pam a2200253 4500 | ||
|---|---|---|---|
| 001 | 4551559 | ||
| 003 | OSt | ||
| 005 | 20230714085711.0 | ||
| 008 | 731003s1974 nyu b 001 0 eng | ||
| 010 | _a 72012972 | ||
| 040 |
_aDLC _cDLC _dDLC |
||
| 043 | _an-us--- | ||
| 082 | 0 | 0 |
_a362.9 _bGRE |
| 100 | 1 | _aGreifer, Julian L. | |
| 245 | 1 | 0 |
_aCommunity action for social change: _ba casebook of current projects, _cedited by Julian L. Greifer. |
| 260 |
_aNew York, _bPraeger _c[1974] |
||
| 300 |
_axxiv, 294 p. _c25 cm. |
||
| 490 | 0 | _aPraeger special studies in U.S. economic, social, and political issues | |
| 504 | _aBibliography: p. 274-284. | ||
| 650 | 0 |
_aCommunity development _zUnited States _xCase studies. |
|
| 650 | 0 |
_aCommunity organization _xCase studies. |
|
| 906 |
_a7 _bcbc _corignew _d1 _eocip _f19 _gy-gencatlg |
||
| 942 |
_2ddc _cBK |
||
| 999 |
_c3961 _d3961 |
||